[Event "CHN-USA Summit (Women) Rapid"]
[Site "Ningbo"]
[Date "2013.07.26"]
[Round "8.4"]
[White "Wang, Jue"]
[Black "Melekhina, Alisa"]
[Result "1-0"]
[WhiteElo "2399"]
[BlackElo "2216"]
[PlyCount "59"]
[EventDate "2013.07.25"]
[EventType "schev (rapid)"]
[EventRounds "10"]
[EventCountry "CHN"]
[SourceTitle "CBM 155 Extra"]
[Source "ChessBase"]
[SourceDate "2013.08.26"]
[SourceVersion "1"]
[SourceVersionDate "2013.08.26"]
[SourceQuality "1"]
[WhiteTeam "China"]
[BlackTeam "United States"]
[WhiteTeamCountry "CHN"]
[BlackTeamCountry "USA"]

1. e4 c5 2. Nf3 Nc6 3. Nc3 Nf6 4. Bb5 g6 5. e5 Ng4 6. Bxc6 dxc6 7. h3 Nh6 8. g4 Bg7 9. d3 0-0 10. Be3 f5 11. exf6 exf6 12. Qd2 Qe7 13. 0-0-0 Nf7 14. Rhe1 b6 15. d4 cxd4 16. Nxd4 Qb7 17. Bf4 c5 18. Ndb5 a6 19. Nc7 Ra7 20. N3d5 Kh8 21. Re7 Qc6 22. Rde1 Qa4 23. a3 Bb7 24. Nxb6 Qc6 25. Nd7 Ne5 26. Bxe5 fxe5 27. Ne6 Rg8 28. Nxe5 Bxe5 29. Qh6 Bg7 30. Rxg7 1-0

[Event "CHN-USA Summit (Women) Rapid"]
[Site "Ningbo"]
[Date "2013.07.25"]
[Round "2.4"]
[White "Melekhina, Alisa"]
[Black "Ding, Yixin"]
[Result "0-1"]
[WhiteElo "2216"]
[BlackElo "2432"]
[PlyCount "55"]
[EventDate "2013.07.25"]
[EventType "schev (rapid)"]
[EventRounds "10"]
[EventCountry "CHN"]
[SourceTitle "CBM 155 Extra"]
[Source "ChessBase"]
[SourceDate "2013.08.26"]
[SourceVersion "1"]
[SourceVersionDate "2013.08.26"]
[SourceQuality "1"]
[WhiteTeam "United States"]
[BlackTeam "China"]
[WhiteTeamCountry "USA"]
[BlackTeamCountry "CHN"]

1. e4 c5 2. Nf3 d6 3. Bb5+ Bd7 4. Bxd7+ Qxd7 5. c4 Nf6 6. Nc3 g6 7. d4 cxd4 8. Nxd4 Bg7 9. f3 0-0 10. Be3 a6 11. Qd2 Nc6 12. 0-0 Nxd4 13. Bxd4 b5 14. Nd5 Nxd5 15. cxd5 Rfc8 16. Rac1 Rxc1 17. Rxc1 Rc8 18. Bxg7 Kxg7 19. Kf1 f6 20. Rc3 Rc5 21. Rxc5 dxc5 22. Qc3 Qd6 23. g3 Kf7 24. Kg2 e6 25. dxe6+ Kxe6 26. Qb3+ c4 27. Qe3 b4 28. Kf2 0-1

[Event "CHN-USA Summit (Women) Rapid"]
[Site "Ningbo"]
[Date "2013.07.25"]
[Round "3.4"]
[White "Melekhina, Alisa"]
[Black "Wang, Jue"]
[Result "1/2-1/2"]
[WhiteElo "2216"]
[BlackElo "2399"]
[PlyCount "144"]
[EventDate "2013.07.25"]
[EventType "schev (rapid)"]
[EventRounds "10"]
[EventCountry "CHN"]
[SourceTitle "CBM 155 Extra"]
[Source "ChessBase"]
[SourceDate "2013.08.26"]
[SourceVersion "1"]
[SourceVersionDate "2013.08.26"]
[SourceQuality "1"]
[WhiteTeam "United States"]
[BlackTeam "China"]
[WhiteTeamCountry "USA"]
[BlackTeamCountry "CHN"]

1. e4 c5 2. Nf3 d6 3. Bb5+ Nd7 4. 0-0 a6 5. Bxd7+ Bxd7 6. Re1 Nf6 7. c3 Bg4 8. d4 e6 9. Bg5 Be7 10. Nbd2 0-0 11. Qb3 Qc7 12. a4 h6 13. Be3 cxd4 14. Bxd4 Nd7 15. a5 Rab8 16. Qc4 Qd8 17. Qd3 Nc5 18. Qc2 Rc8 19. b3 Bh5 20. Nc4 Bxf3 21. gxf3 Nd7 22. f4 Rc6 23. Kh1 d5 24. exd5 exd5 25. Ne3 Bf6 26. Nxd5 Re6 27. Nxf6+ Nxf6 28. Re5 Ng4 29. Rxe6 fxe6 30. f3 Nf6 31. Qe2 Qd5 32. Re1 Kh8 33. b4 Nh5 34. Qe4 Qb5 35. Qxe6 Kh7 36. Rg1 Qc6 37. Qxc6 bxc6 38. Be5 Nf6 39. Rd1 Nd5 40. Kg1 Kg6 41. Kf2 Kf5 42. Rg1 g5 43. Bd6 Rd8 44. c4 Rxd6 45. cxd5 Rxd5 46. fxg5 hxg5 47. Rc1 Rd6 48. Kg3 Ke5 49. Rc5+ Kf6 50. Rc4 Kf5 51. h4 gxh4+ 52. Kxh4 Rg6 53. Rg4 Rh6+ 54. Kg3 Ke5 55. Re4+ Kf5 56. Rc4 Rg6+ 57. Kf2 Rd6 58. Ke3 Ke5 59. f4+ Kf5 60. Rc5+ Kf6 61. Ke4 Ke6 62. Rh5 Rd1 63. f5+ Ke7 64. Rh7+ Kd6 65. Ra7 Rb1 66. f6 Ke6 67. f7 Rxb4+ 68. Ke3 Rb8 69. Rxa6 Kxf7 70. Rxc6 Ke7 71. Kd4 Kd7 72. Rc5 Rc8 1/2-1/2

[Event "CHN-USA Summit (Women) Rapid"]
[Site "Ningbo"]
[Date "2013.07.25"]
[Round "1.4"]
[White "Tan, Zhongyi"]
[Black "Melekhina, Alisa"]
[Result "1-0"]
[WhiteElo "2478"]
[BlackElo "2216"]
[PlyCount "125"]
[EventDate "2013.07.25"]
[EventType "schev (rapid)"]
[EventRounds "10"]
[EventCountry "CHN"]
[SourceTitle "CBM 155 Extra"]
[Source "ChessBase"]
[SourceDate "2013.08.26"]
[SourceVersion "1"]
[SourceVersionDate "2013.08.26"]
[SourceQuality "1"]
[WhiteTeam "China"]
[BlackTeam "United States"]
[WhiteTeamCountry "CHN"]
[BlackTeamCountry "USA"]

1. Nf3 g6 2. c4 Bg7 3. Nc3 c5 4. g3 Nc6 5. Bg2 e6 6. 0-0 Nge7 7. a3 0-0 8. Rb1 d5 9. d3 b6 10. Bf4 a6 11. Qd2 Bb7 12. Rfd1 Nd4 13. Nxd4 cxd4 14. Na2 Qd7 15. b3 Nf5 16. Qb4 b5 17. Rdc1 e5 18. Bd2 Rfe8 19. Qa5 dxc4 20. Bxb7 Qxb7 21. bxc4 e4 22. cxb5 axb5 23. Qxb5 Qxb5 24. Rxb5 exd3 25. exd3 Rxa3 26. Nb4 Rb3 27. Ra5 Rb2 28. Rc2 Rxc2 29. Nxc2 Bf6 30. Nb4 Kg7 31. Bf4 h5 32. Nd5 Re1+ 33. Kg2 Rd1 34. Ra6 Bd8 35. Be5+ Kh7 36. Ra8 f6 37. Nxf6+ Bxf6 38. Bxf6 g5 39. Bxg5 Rxd3 40. Rf8 Nd6 41. Bf4 Ne4 42. Rd8 Rd1 43. Kf3 Nc3 44. Be5 Rd3+ 45. Kg2 Nb5 46. Rd5 Rb3 47. Bxd4 Nxd4 48. Rxd4 Kg6 49. h3 Rb6 50. g4 Kh6 51. Rd5 hxg4 52. hxg4 Rb3 53. f3 Kg6 54. Kg3 Kf6 55. g5+ Kg6 56. Kg4 Rb1 57. Rd6+ Kg7 58. f4 Rb2 59. Rd7+ Kg8 60. g6 Rb1 61. Kg5 Rb2 62. f5 Rb1 63. Rd8+ 1-0

[Event "CHN-USA Summit (Women)"]
[Site "Ningbo"]
[Date "2013.07.19"]
[Round "1.4"]
[White "Melekhina, Alisa"]
[Black "Tan, Zhongyi"]
[Result "0-1"]
[WhiteElo "2216"]
[BlackElo "2478"]
[PlyCount "154"]
[EventDate "2013.07.19"]
[EventType "schev"]
[EventRounds "5"]
[EventCountry "CHN"]
[SourceTitle "CBM 155 Extra"]
[Source "ChessBase"]
[SourceDate "2013.08.26"]
[SourceVersion "1"]
[SourceVersionDate "2013.08.26"]
[SourceQuality "1"]
[WhiteTeam "United States"]
[BlackTeam "China"]
[WhiteTeamCountry "USA"]
[BlackTeamCountry "CHN"]

1. e4 d6 2. d4 g6 3. Nc3 Bg7 4. Nge2 Nf6 5. g3 0-0 6. Bg2 e5 7. 0-0 c6 8. h3 b5 9. a3 Bb7 10. Be3 Nbd7 11. Qd2 a5 12. Rfd1 Qc7 13. d5 cxd5 14. exd5 Ba6 15. a4 bxa4 16. Nxa4 e4 17. Rac1 Ne5 18. Nec3 Rab8 19. b3 Nf3+ 20. Bxf3 exf3 21. Bd4 Qd7 22. Qf4 Be2 23. Nxe2 fxe2 24. Rd2 Nxd5 25. Qg4 Qxg4 26. hxg4 Bh6 27. f4 Nxf4 28. gxf4 Bxf4 29. Bc3 Rfc8 30. Bxa5 Rxb3 31. Rxe2 Ra3 32. Nb6 Bxc1 33. Nxc8 Rxa5 34. Nxd6 Rg5 35. Rg2 Rd5 36. Ne4 Be3+ 37. Kf1 Rd4 38. Nc3 Kg7 39. Ke2 Bg5 40. Kf3 Rf4+ 41. Ke2 f5 42. gxf5 Rxf5 43. Ne4 Be7 44. c4 h5 45. Rf2 Ra5 46. Kd3 g5 47. c5 Bxc5 48. Rf5 Ra3+ 49. Ke2 Be7 50. Re5 Bf6 51. Rf5 Ra6 52. Nxf6 Kg6 53. Rb5 Kxf6 54. Kf2 Kg6 55. Kg3 h4+ 56. Kg2 Kh5 57. Rb4 Ra2+ 58. Kg1 h3 59. Rb1 Kh4 60. Kh1 g4 61. Rb4 Rf2 62. Ra4 Kg3 63. Ra1 Rf3 64. Rb1 Re3 65. Ra1 Kf2 66. Kh2 Kf3 67. Rf1+ Ke4 68. Rg1 Kf4 69. Rf1+ Rf3 70. Ra1 Rf2+ 71. Kg1 g3 72. Ra4+ Kf3 73. Ra3+ Kg4 74. Ra4+ Rf4 75. Ra2 h2+ 76. Kg2 Rf2+ 77. Kh1 Rf1+ 0-1

[Event "Hastings Masters op 88th"]
[Site "Hastings"]
[Date "2013.01.01"]
[Round "5"]
[White "Hutchinson, Norman A"]
[Black "Melekhina, Alisa"]
[Result "0-1"]
[WhiteElo "2108"]
[BlackElo "2221"]
[PlyCount "56"]
[EventDate "2012.12.28"]
[EventType "swiss"]
[EventRounds "10"]
[EventCountry "ENG"]
[SourceTitle "CBM 152 Extra"]
[Source "ChessBase"]
[SourceDate "2013.02.25"]
[SourceVersion "1"]
[SourceVersionDate "2013.02.25"]
[SourceQuality "1"]

1. e4 e5 2. Nf3 Nc6 3. Bb5 a6 4. Ba4 Nf6 5. 0-0 Nxe4 6. d4 b5 7. Bb3 d5 8. dxe5 Be6 9. Nbd2 Nc5 10. c3 Bg4 11. Re1 Nd3 12. Re3 Nxc1 13. Rxc1 Na5 14. h3 Nxb3 15. Nxb3 Be6 16. Nbd4 c5 17. Ne2 g5 18. Rd3 h5 19. Nh2 Bh6 20. Ng3 g4 21. Rc2 Bf4 22. Ne4 Bxe5 23. Nxc5 Bxh2+ 24. Kh1 Bc7 25. Re2 Qd6 26. g3 Qxc5 27. Rxd5 Qc6 28. Qd4 0-0 0-1